Field and wave electromagnetics / (Record no. 4446)
[ view plain ]
| 000 -LEADER | |
|---|---|
| fixed length control field | 00641cam a2200229 a 4500 |
| 001 - CONTROL NUMBER | |
| control field | 10929 |
| 003 - CONTROL NUMBER IDENTIFIER | |
| control field | BD-DhUAP |
| 005 - DATE AND TIME OF LATEST TRANSACTION | |
| control field | 20201110162159.0 |
| 008 - FIXED-LENGTH DATA ELEMENTS--GENERAL INFORMATION | |
| fixed length control field | 201110r20081989ii a b 001 0 eng |
| 020 ## - INTERNATIONAL STANDARD BOOK NUMBER | |
| International Standard Book Number | 8177585762 |
| 040 ## - CATALOGING SOURCE | |
| Original cataloging agency | DLC |
| Transcribing agency | DLC |
| Modifying agency | BD-DhUAP |
| Language of cataloging | Eng |
| 082 00 - DEWEY DECIMAL CLASSIFICATION NUMBER | |
| Classification number | 530.141 CHE |
| Edition number | 23 |
| 100 1# - MAIN ENTRY--PERSONAL NAME | |
| Personal name | Cheng, David K. |
| 245 10 - TITLE STATEMENT | |
| Title | Field and wave electromagnetics / |
| Statement of responsibility, etc. | David K. Cheng. |
| 250 ## - EDITION STATEMENT | |
| Edition statement | 2nd ed. |
| 260 ## - PUBLICATION, DISTRIBUTION, ETC. | |
| Place of publication, distribution, etc. | New Delhi : |
| Name of publisher, distributor, etc. | Pearson education, |
| Date of publication, distribution, etc. | c1989 [2008]. |
| 300 ## - PHYSICAL DESCRIPTION | |
| Extent | 719 pages : |
| Other physical details | illustrations ; |
| Dimensions | 24 cm. |
| 500 ## - GENERAL NOTE | |
| General note | Includes index. |
| 650 #0 - SUBJECT ADDED ENTRY--TOPICAL TERM | |
| Topical term or geographic name entry element | Electromagnetism. |
| 650 #0 - SUBJECT ADDED ENTRY--TOPICAL TERM | |
| Topical term or geographic name entry element | Field theory (Physics) |
| 942 ## - ADDED ENTRY ELEMENTS (KOHA) | |
| Source of classification or shelving scheme | |
| Koha item type | Book |
| Withdrawn status | Lost status | Source of classification or shelving scheme | Damaged status | Not for loan | Permanent Location | Current Location | Shelving location | Date acquired | Full call number | Barcode | Date last seen | Copy number | Price effective from | Koha item type |
|---|---|---|---|---|---|---|---|---|---|---|---|---|---|---|
| UAP Central Library | UAP Central Library | General Stacks | 2020-11-10 | 530.141 CHE | 3010010929 | 2020-11-10 | 1 | 2020-11-10 | Book | |||||
| UAP Central Library | UAP Central Library | General Stacks | 2020-11-10 | 530.141 CHE | 3010015489 | 2020-11-10 | 2 | 2020-11-10 | Book | |||||
| UAP Central Library | UAP Central Library | General Stacks | 2020-11-10 | 530.141 CHE | 3010012340 | 2020-11-10 | 3 | 2020-11-10 | Book | |||||
| UAP Central Library | UAP Central Library | General Stacks | 2020-11-10 | 530.141 CHE | 3010009108 | 2020-11-10 | 4 | 2020-11-10 | Book | |||||
| UAP Central Library | UAP Central Library | General Stacks | 2020-11-10 | 530.141 CHE | 3010010927 | 2020-11-10 | 5 | 2020-11-10 | Book | |||||
| UAP Central Library | UAP Central Library | General Stacks | 2020-11-10 | 530.141 CHE | 3010012343 | 2020-11-10 | 6 | 2020-11-10 | Book | |||||
| UAP Central Library | UAP Central Library | General Stacks | 2020-11-10 | 530.141 CHE | 3010012344 | 2020-11-10 | 7 | 2020-11-10 | Book | |||||
| UAP Central Library | UAP Central Library | General Stacks | 2020-11-10 | 530.141 CHE | 3010009109 | 2020-11-10 | 8 | 2020-11-10 | Book | |||||
| UAP Central Library | UAP Central Library | General Stacks | 2020-11-10 | 530.141 CHE | 3010012342 | 2020-11-10 | 9 | 2020-11-10 | Book | |||||
| UAP Central Library | UAP Central Library | General Stacks | 2020-11-10 | 530.141 CHE | 3010010928 | 2020-11-10 | 10 | 2020-11-10 | Book | |||||
| UAP Central Library | UAP Central Library | General Stacks | 2020-11-10 | 530.141 CHE | 3010012341 | 2020-11-10 | 11 | 2020-11-10 | Book | |||||
| UAP Central Library | UAP Central Library | General Stacks | 2020-11-10 | 530.141 CHE | 3010009648 | 2020-11-10 | 12 | 2020-11-10 | Book | |||||
| UAP Central Library | UAP Central Library | General Stacks | 2020-11-10 | 530.141 CHE | 3010009110 | 2020-11-10 | 13 | 2020-11-10 | Book | |||||
| UAP Central Library | UAP Central Library | General Stacks | 2020-11-10 | 530.141 CHE | 3010014025 | 2020-11-10 | 14 | 2020-11-10 | Book | |||||
| UAP Central Library | UAP Central Library | General Stacks | 2020-11-10 | 530.141 CHE | 3010010926 | 2020-11-10 | 15 | 2020-11-10 | Book | |||||
| UAP Central Library | UAP Central Library | General Stacks | 2021-01-31 | 530.141 CHE | 3010009111 | 2021-01-31 | 16 | 2021-01-31 | Book |
Bengali Keyboard